| 000 | 02012nam a22003973i 4500 | ||
|---|---|---|---|
| 001 | EBC7305145 | ||
| 003 | MiAaPQ | ||
| 005 | 20250509114424.0 | ||
| 007 | cr cnu|||||||| | ||
| 008 | 250509s2023 xx o ||||0 ger d | ||
| 020 |
_a9783756616114 _q(electronic bk.) |
||
| 020 | _z9783734416118 | ||
| 040 |
_aMiAaPQ _beng _cMiAaPQ |
||
| 100 | 1 |
_aHafeneger, Benno. _966326 |
|
| 245 | 1 | 0 |
_aVom Generalrichter im "Dritten Reich“ zum Ersten Beigeordneten in Glashütten/Ts. : _bDer Werdegang von Dr. jur. Manfred Roeder. |
| 250 | _a1st ed. | ||
| 264 | 1 |
_aBerlin : _bWochenschau Verlag, _c2023. |
|
| 264 | 4 | _c{copy}2023. | |
| 300 | _a1 online resource (154 pages) | ||
| 336 |
_aText _btxt _2rdacontent |
||
| 337 |
_aComputermedien _bc _2rdamedia |
||
| 338 |
_aOnline Resource _bcr _2rdacarrier |
||
| 490 | 1 | _aPolitisches Sachbuch | |
| 500 | _aE-Book-ProQuest / Fernzugriff nach Registrierung möglich | ||
| 505 | 0 | _aFrontmatter -- Inhalt -- Vorwort -- Hinweise zur Studie -- Erste Phase: Sozialisation im Kaiserreich und in der Weimarer Republik -- Zweite Phase: "Karriere" in der NS-Zeit -- Dritte Phase: Nachkriegszeit und 1950er Jahre -- Zwischenfazit -- Vierte Phase: Umzug nach Glashütten im Jahr 1963 -- Fünfte Phase: Kommunalpolitik von 1964 bis 1971 -- Fazit -- Exkurs: Ausgewählte historische Daten zu Glashütten -- Reflexion, Fragen, Deutungen -- Schlussbemerkung -- Literatur -- Backmatter. | |
| 653 | _aCourts-martial and courts of inquiry-Germany. | ||
| 653 | _aNational socialism. | ||
| 655 |
_aFernzugriff _9230 |
||
| 655 | 4 | _aElectronic books. | |
| 776 | 0 | 8 |
_iPrint version: _aHafeneger, Benno _tVom Generalrichter im "Dritten Reich“ zum Ersten Beigeordneten in Glashütten/Ts. _dBerlin : Wochenschau Verlag,c2023 _z9783734416118 |
| 830 | 0 |
_aPolitisches Sachbuch _966327 |
|
| 856 | 4 | 0 |
_uhttps://ebookcentral.proquest.com/lib/maxweberstiftung-ebooks/detail.action?docID=7305145 _zVolltext |
| 942 |
_cEB _2z |
||
| 999 |
_c72451 _d72451 |
||